Efecto del Pavimento Asfáltico Reciclado (RAP) en las características mecánicas de las bases estabilizadas con cemento
Spremljeno u:
| Glavni autor: | |
|---|---|
| Daljnji autori: | |
| Format: | Knjiga |
| Jezik: | Undetermined |
| Izdano: |
[San José], Costa Rica,
2021
|
| Teme: | |
| Online pristup: | https://cedi.ucr.ac.cr/civil/efecto-del-pavimento-asfaltico-reciclado-rap-en-las-caracteristicas-mecanicas-de-las-bases-estabilizadas-con-cemento/ |
| Oznake: |
Dodaj oznaku
Bez oznaka, Budi prvi tko označuje ovaj zapis!
|
MARC
| LEADER | 00000nam a2200000Ia 4500 | ||
|---|---|---|---|
| 003 | 013384 | ||
| 005 | 20230509143357.0 | ||
| 008 | 140116s9999 xx 000 0 und d | ||
| 040 | |c cru CEDI | ||
| 100 | |a Abarca Cascante, Pablo Arturo, 1994- |9 124 | ||
| 245 | |a Efecto del Pavimento Asfáltico Reciclado (RAP) en las características mecánicas de las bases estabilizadas con cemento | ||
| 260 | |a [San José], Costa Rica, |c 2021 | ||
| 500 | |a Proyecto de graduación (licenciatura en ingeniería civil)--Universidad de Costa Rica. Facultad de Ingeniería. Escuela de Ingeniería Civil | ||
| 501 | |a Director de Proyecto de Graduación: Ing. Mauricio Salas Chaves | ||
| 650 | |x MATERIALES PARA CARRETERAS |x PAVIMENTOS |x PAVIMENTOS DE ASFALTO |x CONVERSION DE RESIDUOS DE PAVIMENTOS DE ASFALTO |x RESISTENCIA DE MATERIALES |x PAVIMENTOS - MANTENIMIENTO Y REPARACION |x ESTABILIZACION DE SUELOS |x CEMENTO | ||
| 700 | |9 125 |a Salas Chaves, Mauricio José |d Director del TFG | ||
| 856 | |u https://cedi.ucr.ac.cr/civil/efecto-del-pavimento-asfaltico-reciclado-rap-en-las-caracteristicas-mecanicas-de-las-bases-estabilizadas-con-cemento/ |y https://cedi.ucr.ac.cr/civil/efecto-del-pavimento-asfaltico-reciclado-rap-en-las-caracteristicas-mecanicas-de-las-bases-estabilizadas-con-cemento/ | ||
| 942 | |c CEDI |h TFG 8535 |2 ddc |6 TFG_8535_000000000000000 | ||
| 999 | |c 21886 |d 21886 | ||
